000 01366cab a2200361 4500
001 ABS59163
008 090401t xxu||||| |||| 00| 0 eng d
035 _a(Sirsi) u88134
041 _aeng
100 _aGuy, C.M.
245 _aOff-centre retailing in the UK: prospects for the future and the implications for town centres
350 _a0
490 _aBuilt Environment
_v24(1) 16-30(15)
520 _aLooks at the rates of growth and current extent of off-centre retailing, and development trends for the present and near future. Discusses food superstores, retail parks, regional shopping centres and factory outlet centres. Considers the implications for town centres and planning policy. Includes tables, graphs and references.
650 _aEXPANSIONS
650 _aFACTORY OUTLET CENTRES
650 _aFOOD SUPERSTORES
650 _aIMPACT
650 _aOFF-CENTRE DEVELOPMENTS
650 _aOUT OF TOWN DEVELOPMENT
650 _aPLANNING POLICY
650 _aPLANNING POLICY GUIDANCE NOTE SIX
650 _aRefurbishment
_96264
650 _aREGIONAL SHOPPING CENTRES
650 _aRETAIL PARKS
650 _aRETAIL WAREHOUSES
650 _aTOWN CENTRE MANAGEMENT
650 _aTOWN CENTRES
650 _aTOWN IMPROVEMENT ZONES
690 _aPROPERTY-COMMERCIAL PROPERTY-RETAIL PROPERTY
942 _n0
948 _c26/08/1998
999 _c55673
_d55673